00788nam a2200241 a 450000100060000000300080000600500170001400800410003102000160007202000230008803500190011104000270013004100080015708200240016524500980018926000890028730000340037650400390041065000280044970000210047770000140049883000340051211911BD-RjUL20211208235213.0170411s19921989enka b 001 0 eng d a019963002X  a0199630038 (pbk.)  a(BD-RjUL)11960 aDLCcDLCdBD-RjULbeng aeng00a547.7223bPRO 199300aProtein purification methods :ba practical approach /cedited by E.L.V. Harris and S. Angal. aOxford ;aNew York :bIRL Press at Oxford University Press,cc1989 [Reprinted 1992]. axvi, 317 p. :bill. ;c23 cm. aIncludes bibliographies and index. 0aProteinsxPurification.1 aHarris, E. L. V.1 aAngal, S. aThe Practical approach series